ბათუმის შოთა რუსთაველის სახელმწიფო უნივერსიტეტის ბიბლიოთეკა

Эмпирическая социология в Западной Европе (ბიბ.ჩანაწერი № 48196)

000 -LEADER
fixed length control field 00669nam a2200217Ia 4500
001 - CONTROL NUMBER
control field 15078
003 - CONTROL NUMBER IDENTIFIER
control field GE_BSU
008 - FIXED-LENGTH DATA ELEMENTS--GENERAL INFORMATION
fixed length control field 181216s||||||||xx |||||||||||||| ||und||
020 ## - INTERNATIONAL STANDARD BOOK NUMBER
International Standard Book Number 5759802542
040 ## - CATALOGING SOURCE
Transcribing agency GE_BSU
080 ## - UNIVERSAL DECIMAL CLASSIFICATION NUMBER
Universal Decimal Classification number 316.2(075.8)
100 ## - MAIN ENTRY--PERSONAL NAME
Personal name Лапин,Н.И.
245 ## - TITLE STATEMENT
Title Эмпирическая социология в Западной Европе
245 ## - TITLE STATEMENT
Statement of responsibility, etc. Ред.А.С.Жулева, Е.Н.Росмиславская
260 ## - PUBLICATION, DISTRIBUTION, ETC.
Place of publication, distribution, etc. Москва
260 ## - PUBLICATION, DISTRIBUTION, ETC.
Name of publisher, distributor, etc. Изд.дом Гу ВШЭ
260 ## - PUBLICATION, DISTRIBUTION, ETC.
Date of publication, distribution, etc. 2004
300 ## - PHYSICAL DESCRIPTION
Extent 383стр.20см.
653 ## - INDEX TERM--UNCONTROLLED
Uncontrolled term Эмпирическая социология в Западной Европе
942 ## - ADDED ENTRY ELEMENTS (KOHA)
Koha item type წიგნი
ეგზემპლარები
Withdrawn status Lost status Damaged status Not for loan Date acquired Barcode Date last seen Price effective from Koha item type
        2018-12-17 38126 2018-12-17 2018-12-17 წიგნი